Guía práctica, manejo adecuado de los suelos entorno a los parques nacionales de Nalga de Maco, República Dominicana y Pico Macaya, Haití (Record no. 8172)

MARC details
000 -LEADER
campo de control de longitud fija 00446nam a2200133Ia 4500
001 - NÚMERO DE CONTROL
campo de control 3722
008 - DATOS DE LONGITUD FIJA--INFORMACIÓN GENERAL
campo de control de longitud fija 241024s9999 xx 000 0 und d
082 ## - NÚMERO DE LA CLASIFICACIÓN DECIMAL DEWEY
Número de clasificación RD/577.072/B615g/2013
100 ## - ENTRADA PRINCIPAL--NOMBRE DE PERSONA
Nombre de persona [*SIN AUTOR*]
245 #0 - MENCIÓN DEL TÍTULO
Título Guía práctica, manejo adecuado de los suelos entorno a los parques nacionales de Nalga de Maco, República Dominicana y Pico Macaya, Haití
260 ## - PUBLICACIÓN, DISTRIBUCIÓN, ETC.
Nombre del editor, distribuidor, etc. Santo Domingo
Fecha de publicación, distribución, etc. 2013
901 ## - ELEMENTOS DE DATOS A LOCAL LDA (RLIN)
a 26/2/2014 10:09:50 a.m.

No items available.

© 2024. Todos los Derechos Reservados. Desarrollado por IDEICE